000 00476cam a22001217a 4500
008 180718b1981 xxu||||| |||| 00| 0 eng d
082 _aA81x54 In2/71/12/Pt 2 C/1 & Pt 5 A
100 _aCensus of India 1971
245 _aManipur: social and cultural tables and special tables for scheduled castes and scheduled tribes
260 _aDelhi
_bThe Controller of Publications
_c1981
300 _a193+p.
440 _aCensus of India 1971. Series-12, Manipur. Part II-C (i) & Part 5 A
999 _c485354
_d485354